000
00424nam a2200133Ia 4500
008
100328s9999 xx 000 0 und d
082
_b
68282
100
_a
गाडगीळ बाळ.
245
_a
अमेरिकन संस्कृती.
260
_b
मेघना.
630
_a
अमेरिकन संस्कृती.
730
_a
अमेरिकन संस्कृती.
942
_c
BOOK
999
_c
554021
_d
554018